| 000 | 00763nam a2200241 a 4500 | ||
|---|---|---|---|
| 005 | 20251023063932.0 | ||
| 008 | 060606s2001 mx r 000 0 spa d | ||
| 020 | _a843301613X | ||
| 035 | _aUPN01000145178 | ||
| 049 | _aCG | ||
| 050 | 4 |
_aBF575 A8.6 _bF4.2 |
|
| 100 | 1 | _aFeeney, Judith | |
| 245 | 1 | 0 |
_aApego adulto / _cJudith Feeney, Patricia Noller ; tr. Yolanda Gómez Ramírez. |
| 260 |
_aBilbao, Esp. : _bDesclée de Brouwer, _c2001. |
||
| 300 | _a170 p. | ||
| 440 | 0 |
_aBiblioteca de Psicología ; _v111 |
|
| 534 |
_pTraducción de: _tAdult attachment |
||
| 650 | 2 |
_aConducta de apego _9385 |
|
| 650 | 0 |
_aConducta de apego en los niños _911480 |
|
| 650 | 4 |
_aRelaciones interpersonales _91551 |
|
| 700 | 1 |
_aNoller, Patricia, _ecoaut. |
|
| 905 | _aLibro | ||
| 999 |
_c117325 _d117325 |
||